000
00256nam a2200109Ia 4500
008
220204s9999 xx 000 0 und d
082
_a
658.1(547.1)
100
_a
Joshi, T M
245
0
_a
Bombay finance
260
_a
Poona
_b
Gokhale Inst
_c
1947
942
_c
BK
999
_c
19998
_d
19998